Malá obrázková biblia, alebo, Dejiny spasenia, pre malé dietky 1-2. triedy elemenárnych škôl dľa najnovšieho biskupského učebného plánu

Podrobná bibliografia
Hlavný autor: Gerely, József, 1871-1915 (Autor)
Médium: Kniha
Jazyk:slovenčina
Fyzický popis:79 s. fotogr. 19 cm
Vydavateľské údaje: V Budapešti Spolok sv. Štefana 1900
Vydanie:2. vyd.
Predmet:

MARC

LEADER 00000nam a2200000 a 4500
001 vtls001413733
003 SK-MaSNL
005 20260301162209.0
008 251124s1900 HU a r 0 slo
020 |c 50,00 
035 |a SNK000368459 
040 |a SNK  |b slo  |c SNK  |e AACR2 
041 0 |a slo 
044 |a HU 
080 |a 234(075.2)  |2 2. slo 
100 1 |a Gerely, József,  |d 1871-1915  |4 aut  |9 66332 
240 1 0 |a Biblia  |p Starý zákon  |p Nový zákon  |l Slovensky 
245 1 0 |a Malá obrázková biblia, alebo, Dejiny spasenia, pre malé dietky 1-2. triedy elemenárnych škôl dľa najnovšieho biskupského učebného plánu  |c napísal Jozef Gerely 
250 |a 2. vyd. 
260 |a V Budapešti  |b Spolok sv. Štefana  |c 1900  |e Budapest  |f Stephaneum 
300 |a 79 s.  |b fotogr.  |c 19 cm 
650 0 7 |a spasenie  |x výklady  |x učebnice elementárnych škôl (1.-2. roč.)  |2 SNK  |9 526333 
655 7 |a príručky  |2 SNK  |9 74364 
730 |t Biblia  |9 17043 
752 |d Budapešť 
958 |a ONDV 
999 |c 812376  |d 814306 
952 |t P60, <03>, [BOOK], {603}  |a SNK  |b SNK  |y PREZ  |7 0  |p 17A0302561  |o snkSD 71567  |i snkK 721/2001  |0 0  |1 0  |4 0  |d 2001-05-24  |l 0  |r 2005-01-02 00:00:00  |w 2026-02-24